000 00917nas a2200289 4500
001 BR0001202
003 BR-BrBNA
005 20231205101728.0
007 ta
008 230509b bl.|||p| |||| 00| 00por d
040 _aBR-BrBNA
_bpor
_cBiblioteca Nacional de Agricultura
041 _a(Pt)
072 _aP34
100 1 _aSouza, F.A. de
100 1 _aTrufem, S.F.B.
100 1 _aAlmeida, D.L. de
100 1 _aSilva, E.M.R. da
100 1 _aGuerra, J.G.M.
245 1 _aEfeito de pre-cultivos sobre o potencial de inoculo de fungos micorrizicos arbusculares e producao da mandioca
650 _aMandioca
650 _aLeguminosa Forrageira
650 _aMicorriza Vesicular Arbuscular
650 _aEsporo
773 0 _tPesquisa Agropecuaria Brasileira (Brazil)
_xISSN 0100-204X
_g(Oct 1999), v. 34(10) p. 1913-1923
_wBR0001202
909 _a202311
_bLúcia
_c55
_dLúcia Elande
942 _2AGRIS
_n0
_cANA
999 _c163523
_d163523